Văn hóa nghệ thuật

Gardado en:
Detalles Bibliográficos
Formato: Libro
Idioma:Undetermined
Publicado: Hà Nội Cơ quan Ngôn luận của Bộ Văn hóa, Thể thao và Du lich 2020
Các nhãn: Engadir etiqueta
Sen Etiquetas, Sexa o primeiro en etiquetar este rexistro!
Thư viện lưu trữ: Trung tâm Học liệu Trường Đại học Cần Thơ
LEADER 00513nam a2200145Ia 4500
001 CTU_233096
008 210402s9999 xx 000 0 und d
082 |a 305 
082 |b V115 
245 0 |a Văn hóa nghệ thuật 
245 0 |c Cơ quan Ngôn luận của Bộ Văn hóa, Thể thao và Du lich 
260 |a Hà Nội 
260 |b Cơ quan Ngôn luận của Bộ Văn hóa, Thể thao và Du lich 
260 |c 2020 
980 |a Trung tâm Học liệu Trường Đại học Cần Thơ